000 00525nam a2200181Ia 4500
008 240729s9999 xx 000 0 und d
022 _a1755-5949
245 0 _aCNS Neuroscience & Therapeutics
260 _aChina
260 _bWiley
650 _a Internal medicine
650 _a Neurosciences. Biological psychiatry. Neuropsychiatry
650 _a Therapeutics. Pharmacology | Medicine
650 _aMedicine
856 _uhttps://doaj.org/toc/c80ca420fc3342a9b6ecf9ebda2fc064
942 _2ddc
942 _cDOAJEJ
999 _c72647
_d72647
945 _a1
_bMadushi Gamage
_c1
_dMadushi Gamage